|
|
|
|
| LEADER |
00000nam0a2200000 4500 |
| 001 |
362518 |
| 005 |
20231102011510.0 |
| 035 |
|
|
|a (RuTPU)RU\TPU\retro\19864
|
| 090 |
|
|
|a 362518
|
| 100 |
|
|
|a 20210728d1980 km y0rusy50 ca
|
| 101 |
0 |
|
|a rus
|
| 102 |
|
|
|a RU
|
| 105 |
|
|
|a a z 001zy
|
| 200 |
1 |
|
|a Подразделения иностранных армий
|f И. И. Голоколенко, Н. С. Никитин
|g под ред. С. Н. Ивлева
|
| 205 |
|
|
|a 3-е изд., перераб. и доп.
|
| 210 |
|
|
|a Москва
|c Военное изд-во
|d 1980
|
| 215 |
|
|
|a 320 с.
|c ил.
|
| 320 |
|
|
|a Библиогр.: с. 318
|
| 606 |
1 |
|
|a Вооруженные силы
|x Капиталистических стран
|2 stltpush
|3 (RuTPU)RU\TPU\subj\3693
|9 32071
|
| 610 |
1 |
|
|a военное дело
|
| 610 |
1 |
|
|a воинские подразделения
|
| 610 |
1 |
|
|a рода войск
|
| 610 |
1 |
|
|a США
|
| 610 |
1 |
|
|a сухопутные войска
|
| 610 |
1 |
|
|a тактика
|
| 610 |
1 |
|
|a вооружение
|
| 610 |
1 |
|
|a боевая техника
|
| 610 |
1 |
|
|a Великобритания
|
| 610 |
1 |
|
|a ФРГ
|
| 610 |
1 |
|
|a оружие массового поражения
|
| 686 |
|
|
|a Ц4,8
|v LBC/SL-A
|2 rubbk
|
| 700 |
|
1 |
|a Голоколенко
|b И. И.
|g Иван Иванович
|
| 701 |
|
1 |
|a Никитин
|b Н. С.
|g Николай Семенович
|
| 702 |
|
1 |
|a Ивлев
|b С. Н.
|4 340
|
| 801 |
|
1 |
|a RU
|b 63413507
|c 20210728
|
| 942 |
|
|
|c BK
|